书目信息 |
| 题名: |
农作物正交设计试验方法
|
|
| 作者: | ;河北省农作物研究所 编 | |
| 分册: | ||
| 出版信息: | 石家庄 河北人民出版社 1978 |
|
| 页数: | 92页 | |
| 开本: | 19cm | |
| 丛书名: | ||
| 单 册: | ||
| 中图分类: | S11 | |
| 科图分类: | ||
| 主题词: | 农作物-正交设计 , 正交设计-农作物 | |
| 电子资源: | ||
| ISBN: | ||
| 000 | 00669nam0 2200229 45 | |
| 001 | 0178000167 | |
| 005 | 20060816090530.00 | |
| 010 | @dCNY0.24 | |
| 091 | @a16086.326 | |
| 100 | @a19950803d1978 em y0chiy0121 ea | |
| 101 | 0 | @achi |
| 102 | @aCN@b130000 | |
| 105 | @ay z 000yy | |
| 200 | 10 | @a农作物正交设计试验方法@Anong zuo wu zheng jiao she ji shi yan fang fa@f河北省农作物研究所编 |
| 210 | @a石家庄@c河北人民出版社@d1978 | |
| 215 | @a92页@d19cm | |
| 606 | @a农作物-正交设计 | |
| 606 | @a正交设计-农作物 | |
| 690 | @aS11@v3 | |
| 711 | 02 | @a河北省农作物研究所@Ahe bei sheng nong zuo wu yan jiu suo@4编 |
| 801 | 0 | @aCN@bTSSF@c20060816 |
| 905 | @a10447@dS11@e47 | |
| 农作物正交设计试验方法/河北省农作物研究所编.-石家庄:河北人民出版社,1978 |
| 92页;19cm |
| ISBN :CNY0.24 |
| ● |
| 相关链接 |
|
|
|
|
正题名:农作物正交设计试验方法
索取号:S11/47
 
预约/预借
| 序号 | 登录号 | 条形码 | 馆藏地/架位号 | 状态 | 备注 |
| 1 | 0451771 | 204517718 | 密集书库/ [索取号:S11/47] | 在馆 | |
| 2 | 0458632 | 204586322 | 密集书库/ [索取号:S11/47] | 在馆 |